[Event "DVM U16w 2024"]
[Site "Neumünster GER"]
[Date "2024.12.30"]
[Round "7"]
[White "Jacobasch, Ronja"]
[Black "Sayouf, Rafif"]
[Result "0-1"]
[Termination "normal"]
[Board "3.1"]
[WhiteElo "1801"]
[BlackElo "1680"]
[WhiteClock "00:00:59"]
[BlackClock "00:07:03"]
[WhiteTeam "SSV Altenberg"]
[BlackTeam "USG Chemnitz"]
[PlyCount "144"]
[WhiteFideId "34604340"]
[BlackFideId "34630333"]
[EventCountry "GER"]
[EventRounds "7"]
[EventType "team-swiss"]
[EventDate "2024.12.26"]

1. c4 {[%clk 01:30:58]} {[%emt 00:00:01]} c5 {[%clk 01:30:55]} {[%emt
00:00:05]} 2. Nc3 {[%clk 01:31:22]} {[%emt 00:00:07]} Nc6 {[%clk 01:31:19]}
{[%emt 00:00:05]} 3. g3 {[%clk 01:30:27]} {[%emt 00:01:25]} Nf6 {[%clk
01:30:31]} {[%emt 00:01:19]} 4. Bg2 {[%clk 01:29:30]} {[%emt 00:01:26]} g6
{[%clk 01:30:38]} {[%emt 00:00:23]} 5. Nf3 {[%clk 01:29:09]} {[%emt 00:00:51]}
Bg7 {[%clk 01:30:59]} {[%emt 00:00:09]} 6. O-O {[%clk 01:28:13]} {[%emt
00:01:26]} O-O {[%clk 01:30:01]} {[%emt 00:01:28]} 7. d4 {[%clk 01:27:44]}
{[%emt 00:01:00]} cxd4 {[%clk 01:30:08]} {[%emt 00:00:23]} 8. Nxd4 {[%clk
01:28:02]} {[%emt 00:00:11]} e6 {[%clk 01:28:33]} {[%emt 00:02:05]} 9. Ndb5
{[%clk 01:17:04]} {[%emt 00:11:29]} a6 {[%clk 00:53:01]} {[%emt 00:36:02]} 10.
Nd6 {[%clk 01:10:47]} {[%emt 00:06:47]} Ne8 {[%clk 00:50:39]} {[%emt 00:02:51]}
11. Nce4 {[%clk 01:01:38]} {[%emt 00:09:40]} f5 {[%clk 00:46:26]} {[%emt
00:04:41]} 12. Bg5 {[%clk 00:54:56]} {[%emt 00:07:13]} Qc7 {[%clk 00:40:06]}
{[%emt 00:06:49]} 13. Nxe8 {[%clk 00:53:38]} {[%emt 00:01:50]} Rxe8 {[%clk
00:40:26]} {[%emt 00:00:09]} 14. Nd6 {[%clk 00:53:45]} {[%emt 00:00:24]} Rf8
{[%clk 00:40:42]} {[%emt 00:00:13]} 15. Be7 {[%clk 00:50:44]} {[%emt 00:03:31]}
Nxe7 {[%clk 00:37:55]} {[%emt 00:03:17]} 16. Qd2 {[%clk 00:46:45]} {[%emt
00:04:29]} Be5 {[%clk 00:31:56]} {[%emt 00:06:27]} 17. Nxc8 {[%clk 00:45:38]}
{[%emt 00:01:39]} Raxc8 {[%clk 00:32:17]} {[%emt 00:00:10]} 18. Rad1 {[%clk
00:44:47]} {[%emt 00:01:20]} Rcd8 {[%clk 00:29:57]} {[%emt 00:02:49]} 19. e4
{[%clk 00:42:10]} {[%emt 00:03:08]} f4 {[%clk 00:28:38]} {[%emt 00:01:49]} 20.
b3 {[%clk 00:40:27]} {[%emt 00:02:13]} fxg3 {[%clk 00:28:24]} {[%emt 00:00:45]}
21. hxg3 {[%clk 00:40:48]} {[%emt 00:00:09]} Nc6 {[%clk 00:28:28]} {[%emt
00:00:24]} 22. Kh1 {[%clk 00:39:18]} {[%emt 00:02:01]} Rf7 {[%clk 00:24:18]}
{[%emt 00:04:39]} 23. f4 {[%clk 00:39:32]} {[%emt 00:00:17]} Bg7 {[%clk
00:24:15]} {[%emt 00:00:32]} 24. g4 {[%clk 00:38:17]} {[%emt 00:01:46]} Bh6
{[%clk 00:22:36]} {[%emt 00:02:09]} 25. g5 {[%clk 00:38:16]} {[%emt 00:00:31]}
Bg7 {[%clk 00:22:58]} {[%emt 00:00:06]} 26. f5 {[%clk 00:38:01]} {[%emt
00:00:47]} gxf5 {[%clk 00:23:17]} {[%emt 00:00:11]} 27. exf5 {[%clk 00:38:14]}
{[%emt 00:00:18]} Rxf5 {[%clk 00:21:08]} {[%emt 00:02:39]} 28. Rxf5 {[%clk
00:38:30]} {[%emt 00:00:14]} exf5 {[%clk 00:21:27]} {[%emt 00:00:10]} 29. Qd5+
{[%clk 00:37:31]} {[%emt 00:01:29]} Kh8 {[%clk 00:21:15]} {[%emt 00:00:41]} 30.
Qxf5 {[%clk 00:36:57]} {[%emt 00:01:06]} Qe5 {[%clk 00:20:21]} {[%emt
00:01:21]} 31. Qg4 {[%clk 00:35:34]} {[%emt 00:01:56]} d6 {[%clk 00:19:51]}
{[%emt 00:00:59]} 32. Qh4 {[%clk 00:35:40]} {[%emt 00:00:24]} Re8 {[%clk
00:18:09]} {[%emt 00:02:11]} 33. Bd5 {[%clk 00:34:25]} {[%emt 00:01:46]} Qe2
{[%clk 00:15:14]} {[%emt 00:03:24]} 34. Rg1 {[%clk 00:32:49]} {[%emt 00:02:07]}
Nd4 {[%clk 00:14:31]} {[%emt 00:01:13]} 35. Qh3 {[%clk 00:28:33]} {[%emt
00:04:45]} Rf8 {[%clk 00:13:40]} {[%emt 00:01:21]} 36. Bxb7 {[%clk 00:21:13]}
{[%emt 00:07:51]} Nf3 {[%clk 00:13:44]} {[%emt 00:00:26]} 37. g6 {[%clk
00:18:07]} {[%emt 00:03:36]} h6 {[%clk 00:13:56]} {[%emt 00:00:18]} 38. Rf1
{[%clk 00:16:51]} {[%emt 00:01:45]} Ng5 {[%clk 00:10:34]} {[%emt 00:03:52]} 39.
Rxf8+ {[%clk 00:17:00]} {[%emt 00:00:22]} Bxf8 {[%clk 00:10:56]} {[%emt
00:00:07]} 40. Qf5 {[%clk 00:14:26]} {[%emt 00:03:05]} Qe1+ {[%clk 00:09:55]}
{[%emt 00:01:29]} 41. Kg2 {[%clk 00:13:47]} {[%emt 00:01:10]} Kg7 {[%clk
00:09:05]} {[%emt 00:01:20]} 42. Bxa6 {[%clk 00:09:15]} {[%emt 00:05:03]} Qe2+
{[%clk 00:06:43]} {[%emt 00:02:52]} 43. Kg3 {[%clk 00:05:32]} {[%emt 00:04:13]}
Qxa2 {[%clk 00:03:59]} {[%emt 00:03:14]} 44. Qd7+ {[%clk 00:01:09]} {[%emt
00:04:52]} Kxg6 {[%clk 00:04:13]} {[%emt 00:00:17]} 45. Qb5 {[%clk 00:21:34]}
{[%emt 00:10:05]} Qe2 {[%clk 00:33:23]} {[%emt 00:01:19]} 46. Bb7 {[%clk
00:21:21]} {[%emt 00:00:44]} Ne4+ {[%clk 00:31:21]} {[%emt 00:02:31]} 47. Kf4
{[%clk 00:18:45]} {[%emt 00:03:07]} Ng5 {[%clk 00:25:53]} {[%emt 00:05:57]} 48.
Qf5+ {[%clk 00:18:16]} {[%emt 00:00:59]} Kg7 {[%clk 00:26:10]} {[%emt
00:00:12]} 49. Qd5 {[%clk 00:09:26]} {[%emt 00:09:22]} Qh2+ {[%clk 00:22:21]}
{[%emt 00:04:17]} 50. Ke3 {[%clk 00:08:30]} {[%emt 00:01:27]} Qe5+ {[%clk
00:21:40]} {[%emt 00:01:11]} 51. Kd3 {[%clk 00:06:56]} {[%emt 00:02:04]} Qg3+
{[%clk 00:21:08]} {[%emt 00:01:01]} 52. Kc2 {[%clk 00:06:37]} {[%emt 00:00:50]}
Qf2+ {[%clk 00:21:22]} {[%emt 00:00:15]} 53. Kc3 {[%clk 00:06:28]} {[%emt
00:00:40]} Be7 {[%clk 00:20:43]} {[%emt 00:01:08]} 54. Kd3 {[%clk 00:04:57]}
{[%emt 00:02:02]} Qg3+ {[%clk 00:20:30]} {[%emt 00:00:41]} 55. Kc2 {[%clk
00:05:09]} {[%emt 00:00:20]} Bf6 {[%clk 00:20:46]} {[%emt 00:00:13]} 56. Qd3
{[%clk 00:04:53]} {[%emt 00:00:46]} Qe5 {[%clk 00:20:37]} {[%emt 00:00:38]} 57.
Kd1 {[%clk 00:04:40]} {[%emt 00:00:46]} Ne6 {[%clk 00:19:04]} {[%emt 00:02:02]}
58. Bd5 {[%clk 00:03:02]} {[%emt 00:02:09]} Nd4 {[%clk 00:19:13]} {[%emt
00:00:20]} 59. Kd2 {[%clk 00:02:40]} {[%emt 00:00:53]} Bg5+ {[%clk 00:17:58]}
{[%emt 00:01:44]} 60. Kd1 {[%clk 00:02:41]} {[%emt 00:00:29]} Qf4 {[%clk
00:17:35]} {[%emt 00:00:52]} 61. Ke1 {[%clk 00:01:35]} {[%emt 00:01:37]} Bh4+
{[%clk 00:14:46]} {[%emt 00:03:18]} 62. Kd1 {[%clk 00:01:59]} {[%emt 00:00:07]}
Qg4+ {[%clk 00:14:51]} {[%emt 00:00:23]} 63. Kd2 {[%clk 00:01:30]} {[%emt
00:01:01]} Bg5+ {[%clk 00:13:22]} {[%emt 00:01:59]} 64. Kc3 {[%clk 00:01:28]}
{[%emt 00:00:32]} Qg1 {[%clk 00:12:26]} {[%emt 00:01:25]} 65. Kb4 {[%clk
00:01:03]} {[%emt 00:00:57]} Bd8 {[%clk 00:09:23]} {[%emt 00:03:32]} 66. Qc3
{[%clk 00:01:15]} {[%emt 00:00:17]} Bf6 {[%clk 00:08:26]} {[%emt 00:01:27]} 67.
Qd2 {[%clk 00:01:14]} {[%emt 00:00:31]} Bg5 {[%clk 00:07:14]} {[%emt 00:01:42]}
68. Qc3 {[%clk 00:01:34]} {[%emt 00:00:11]} h5 {[%clk 00:07:15]} {[%emt
00:00:30]} 69. c5 {[%clk 00:01:13]} {[%emt 00:00:50]} dxc5+ {[%clk 00:07:10]}
{[%emt 00:00:34]} 70. Qxc5 {[%clk 00:00:50]} {[%emt 00:00:54]} Qe1+ {[%clk
00:06:26]} {[%emt 00:01:13]} 71. Kc4 {[%clk 00:00:46]} {[%emt 00:00:35]} Qc1+
{[%clk 00:06:40]} {[%emt 00:00:14]} 72. Kb4 {[%clk 00:00:59]} {[%emt 00:00:19]}
Bd2+ {[%clk 00:07:03]} {[%emt 00:00:07]} 0-1

[Event "DVM U16w 2024"]
[Site "Neumünster GER"]
[Date "2024.12.30"]
[Round "7"]
[White "Mehner, Clara"]
[Black "Müller, Cosima"]
[Result "1/2-1/2"]
[Termination "normal"]
[Board "3.2"]
[WhiteElo "1572"]
[BlackElo "1757"]
[WhiteClock "00:01:01"]
[BlackClock "00:01:22"]
[WhiteTeam "USG Chemnitz"]
[BlackTeam "SSV Altenberg"]
[PlyCount "83"]
[WhiteFideId "34612165"]
[BlackFideId "34601490"]
[EventCountry "GER"]
[EventRounds "7"]
[EventType "team-swiss"]
[EventDate "2024.12.26"]

1. e4 {[%clk 01:30:58]} {[%emt 00:21:11]} c5 {[%clk 01:30:55]} {[%emt
00:00:05]} 2. Nf3 {[%clk 01:31:23]} {[%emt 00:00:05]} Nc6 {[%clk 01:31:20]}
{[%emt 00:00:06]} 3. d4 {[%clk 01:31:45]} {[%emt 00:00:07]} cxd4 {[%clk
01:31:47]} {[%emt 00:00:03]} 4. Nxd4 {[%clk 01:32:06]} {[%emt 00:00:09]} g6
{[%clk 01:32:12]} {[%emt 00:00:05]} 5. c4 {[%clk 01:32:19]} {[%emt 00:00:18]}
Bg7 {[%clk 01:32:33]} {[%emt 00:00:08]} 6. Be3 {[%clk 01:32:27]} {[%emt
00:00:22]} Nf6 {[%clk 01:32:59]} {[%emt 00:00:04]} 7. Nc3 {[%clk 01:32:40]}
{[%emt 00:00:18]} O-O {[%clk 01:33:21]} {[%emt 00:00:08]} 8. Be2 {[%clk
01:32:28]} {[%emt 00:00:41]} d6 {[%clk 01:33:44]} 9. O-O {[%clk 01:31:42]}
{[%emt 00:01:22]} Bd7 {[%emt 00:06:23]} 10. f3 {[%clk 01:27:02]} {[%emt
00:00:30]} Nxd4 {[%clk 01:31:17]} {[%emt 00:01:45]} 11. Bxd4 {[%clk 01:27:05]}
{[%emt 00:00:27]} Bc6 {[%clk 01:31:21]} {[%emt 00:00:25]} 12. Bf2 {[%clk
01:21:20]} {[%emt 00:06:16]} Nd7 {[%emt 00:11:02]} 13. Qd2 {[%clk 01:11:29]}
{[%emt 00:00:50]} a5 {[%emt 00:02:08]} 14. Rac1 {[%clk 01:08:06]} {[%emt
00:03:51]} Nc5 {[%clk 01:17:10]} {[%emt 00:12:04]} 15. Rfd1 {[%emt 00:06:21]}
Qb6 {[%emt 00:23:18]} 16. Rb1 {[%emt 00:09:02]} Rfc8 {[%emt 00:10:45]} 17. b3
{[%clk 00:38:46]} {[%emt 00:01:10]} Qd8 {[%clk 00:57:14]} {[%emt 00:01:37]} 18.
Bd4 {[%clk 00:36:40]} {[%emt 00:02:38]} Bxd4+ {[%clk 00:55:20]} {[%emt
00:02:24]} 19. Qxd4 {[%clk 00:36:51]} {[%emt 00:00:19]} Nd7 {[%clk 00:38:48]}
{[%emt 00:17:00]} 20. Kh1 {[%clk 00:33:21]} {[%emt 00:04:02]} Qb6 {[%clk
00:32:58]} {[%emt 00:06:20]} 21. Qd2 {[%clk 00:28:55]} {[%emt 00:04:56]} Qd8
{[%clk 00:25:04]} {[%emt 00:08:23]} 22. Qd4 {[%clk 00:25:21]} {[%emt 00:04:05]}
Qb6 {[%clk 00:23:58]} {[%emt 00:01:36]} 23. Qd2 {[%clk 00:25:04]} {[%emt
00:00:47]} Qb4 {[%clk 00:20:07]} {[%emt 00:04:21]} 24. Qb2 {[%clk 00:18:19]}
{[%emt 00:07:14]} a4 {[%clk 00:12:17]} {[%emt 00:08:21]} 25. Rdc1 {[%clk
00:15:54]} {[%emt 00:02:56]} Nc5 {[%clk 00:11:44]} {[%emt 00:01:01]} 26. Qc2
{[%clk 00:13:33]} {[%emt 00:02:52]} axb3 {[%clk 00:11:53]} {[%emt 00:00:22]}
27. axb3 {[%clk 00:13:54]} {[%emt 00:00:09]} Ra3 {[%clk 00:09:34]} {[%emt
00:02:48]} 28. Bd1 {[%clk 00:14:01]} {[%emt 00:00:23]} Rca8 {[%clk 00:09:48]}
{[%emt 00:00:16]} 29. h3 {[%clk 00:13:53]} {[%emt 00:00:38]} b5 {[%clk
00:07:55]} {[%emt 00:02:23]} 30. cxb5 {[%clk 00:12:34]} {[%emt 00:01:49]} Bxb5
{[%clk 00:08:09]} {[%emt 00:00:15]} 31. Nxb5 {[%clk 00:11:15]} {[%emt
00:01:50]} Qxb5 {[%clk 00:08:23]} {[%emt 00:00:16]} 32. Qc4 {[%clk 00:08:52]}
{[%emt 00:02:53]} Rb8 {[%clk 00:05:12]} {[%emt 00:03:41]} 33. Qxb5 {[%clk
00:08:11]} {[%emt 00:01:11]} Rxb5 {[%clk 00:05:37]} {[%emt 00:00:06]} 34. Rc3
{[%clk 00:08:09]} {[%emt 00:00:32]} Kg7 {[%clk 00:05:07]} {[%emt 00:00:59]} 35.
Kg1 {[%clk 00:07:44]} {[%emt 00:00:54]} Kf6 {[%clk 00:04:24]} {[%emt 00:01:14]}
36. Kf1 {[%clk 00:07:46]} {[%emt 00:00:27]} Ke5 {[%clk 00:04:24]} {[%emt
00:00:31]} 37. Ke2 {[%clk 00:05:50]} {[%emt 00:02:26]} Kf4 {[%clk 00:03:59]}
{[%emt 00:00:55]} 38. Kf2 {[%clk 00:05:08]} {[%emt 00:01:12]} Ra2+ {[%clk
00:03:23]} {[%emt 00:01:05]} 39. Rc2 {[%clk 00:05:05]} {[%emt 00:00:34]} Rxc2+
{[%clk 00:02:09]} {[%emt 00:01:44]} 40. Bxc2 {[%clk 00:05:25]} {[%emt
00:00:10]} Rb4 {[%clk 00:01:57]} {[%emt 00:00:42]} 41. g3+ {[%clk 00:03:47]}
{[%emt 00:02:09]} Ke5 {[%clk 00:01:22]} {[%emt 00:01:03]} 42. Ke3 {[%clk
00:01:01]} {[%emt 00:03:16]} 1/2-1/2

[Event "DVM U16w 2024"]
[Site "Neumünster GER"]
[Date "2024.12.30"]
[Round "7"]
[White "Glotz, Diana"]
[Black "Mo, Keyou"]
[Result "0-1"]
[Termination "normal"]
[Board "3.3"]
[WhiteElo "1641"]
[BlackElo "1552"]
[WhiteClock "00:01:49"]
[BlackClock "00:18:03"]
[WhiteTeam "SSV Altenberg"]
[BlackTeam "USG Chemnitz"]
[PlyCount "88"]
[WhiteFideId "16278500"]
[BlackFideId "34623582"]
[EventCountry "GER"]
[EventRounds "7"]
[EventType "team-swiss"]
[EventDate "2024.12.26"]

1. d4 {[%emt 00:01:41]} d5 {[%clk 01:30:53]} {[%emt 00:00:05]} 2. Nc3 {[%clk
01:29:39]} {[%emt 00:00:11]} Nf6 {[%clk 01:31:16]} {[%emt 00:00:08]} 3. Bg5
{[%clk 01:29:53]} {[%emt 00:00:16]} Nbd7 {[%clk 01:31:23]} {[%emt 00:00:23]} 4.
Nf3 {[%clk 01:27:14]} {[%emt 00:03:09]} h6 {[%clk 01:31:13]} {[%emt 00:00:39]}
5. Bh4 {[%clk 01:27:27]} {[%emt 00:00:17]} e6 {[%clk 01:30:50]} {[%emt
00:00:53]} 6. e3 {[%clk 01:24:39]} {[%emt 00:03:19]} Be7 {[%clk 01:29:31]}
{[%emt 00:01:44]} 7. Bd3 {[%clk 01:20:47]} {[%emt 00:04:27]} c5 {[%clk
01:25:23]} {[%emt 00:04:37]} 8. Bg3 {[%clk 01:19:25]} {[%emt 00:01:52]} O-O
{[%clk 01:21:37]} {[%emt 00:04:16]} 9. O-O {[%clk 01:18:10]} {[%emt 00:01:45]}
a6 {[%clk 01:20:04]} {[%emt 00:02:04]} 10. a4 {[%clk 01:16:29]} {[%emt
00:02:11]} b6 {[%clk 01:16:14]} {[%emt 00:04:19]} 11. Re1 {[%clk 01:02:43]}
{[%emt 00:14:16]} Bb7 {[%clk 01:04:20]} {[%emt 00:12:23]} 12. Qd2 {[%clk
00:57:50]} {[%emt 00:05:25]} cxd4 {[%clk 01:01:44]} {[%emt 00:03:05]} 13. exd4
{[%clk 00:56:11]} {[%emt 00:02:10]} Bb4 {[%clk 00:59:52]} {[%emt 00:02:20]} 14.
Ne5 {[%clk 00:50:17]} {[%emt 00:06:25]} Rc8 {[%clk 00:55:38]} {[%emt 00:04:42]}
15. f3 {[%clk 00:49:19]} {[%emt 00:01:31]} Re8 {[%clk 00:52:08]} {[%emt
00:03:59]} 16. Bf1 {[%clk 00:45:49]} {[%emt 00:03:59]} a5 {[%clk 00:46:19]}
{[%emt 00:06:20]} 17. Re3 {[%clk 00:42:38]} {[%emt 00:03:42]} Nh5 {[%clk
00:42:57]} {[%emt 00:03:49]} 18. Bb5 {[%clk 00:41:53]} {[%emt 00:01:17]} Nhf6
{[%clk 00:41:43]} {[%emt 00:01:41]} 19. Rd3 {[%clk 00:36:47]} {[%emt 00:05:40]}
Nxe5 {[%clk 00:36:50]} {[%emt 00:05:23]} 20. Bxe5 {[%clk 00:35:49]} {[%emt
00:01:28]} Bc6 {[%clk 00:34:46]} {[%emt 00:02:33]} 21. Bxc6 {[%clk 00:35:21]}
{[%emt 00:00:59]} Rxc6 {[%clk 00:35:07]} {[%emt 00:00:08]} 22. Bg3 {[%clk
00:29:55]} {[%emt 00:05:56]} Qd7 {[%clk 00:29:13]} {[%emt 00:06:23]} 23. Be1
{[%clk 00:28:08]} {[%emt 00:02:18]} e5 {[%clk 00:27:05]} {[%emt 00:02:39]} 24.
dxe5 {[%clk 00:25:04]} {[%emt 00:03:34]} Rxe5 {[%clk 00:26:55]} {[%emt
00:00:39]} 25. Qf2 {[%clk 00:20:56]} {[%emt 00:04:37]} Bc5 {[%clk 00:25:36]}
{[%emt 00:01:47]} 26. Qxc5 {[%clk 00:10:58]} {[%emt 00:10:32]} bxc5 {[%clk
00:25:25]} {[%emt 00:00:40]} 27. Bg3 {[%clk 00:11:11]} {[%emt 00:00:17]} Re7
{[%clk 00:25:19]} {[%emt 00:00:35]} 28. Rad1 {[%clk 00:11:00]} {[%emt
00:00:41]} c4 {[%clk 00:23:12]} {[%emt 00:02:38]} 29. R3d2 {[%clk 00:10:38]}
{[%emt 00:00:52]} Qe6 {[%clk 00:21:47]} {[%emt 00:01:53]} 30. Nxd5 {[%clk
00:09:08]} {[%emt 00:02:03]} Nxd5 {[%clk 00:22:01]} {[%emt 00:00:16]} 31. Rxd5
{[%clk 00:09:33]} {[%emt 00:00:05]} Rb6 {[%clk 00:21:14]} {[%emt 00:01:14]} 32.
b3 {[%clk 00:06:40]} {[%emt 00:03:25]} cxb3 {[%clk 00:20:58]} {[%emt 00:00:46]}
33. cxb3 {[%clk 00:06:27]} {[%emt 00:00:43]} Rxb3 {[%clk 00:20:49]} {[%emt
00:00:40]} 34. Bf2 {[%clk 00:05:52]} {[%emt 00:01:04]} Qg6 {[%clk 00:17:54]}
{[%emt 00:03:21]} 35. Kh1 {[%clk 00:04:52]} {[%emt 00:01:34]} Rb1 {[%clk
00:17:34]} {[%emt 00:00:46]} 36. h3 {[%clk 00:05:00]} {[%emt 00:00:27]} Rxd1+
{[%clk 00:17:35]} {[%emt 00:00:29]} 37. Rxd1 {[%clk 00:05:22]} {[%emt
00:00:07]} Qc2 {[%clk 00:17:48]} {[%emt 00:00:15]} 38. Rf1 {[%clk 00:05:32]}
{[%emt 00:00:20]} Qxa4 {[%clk 00:17:52]} {[%emt 00:00:28]} 39. Kh2 {[%clk
00:05:34]} {[%emt 00:00:28]} Qb5 {[%clk 00:17:51]} {[%emt 00:00:29]} 40. Kg1
{[%clk 00:04:30]} {[%emt 00:01:36]} a4 {[%clk 00:17:57]} {[%emt 00:00:24]} 41.
Rc1 {[%clk 00:02:04]} {[%emt 00:02:56]} a3 {[%clk 00:17:19]} {[%emt 00:01:09]}
42. Bc5 {[%clk 00:01:38]} {[%emt 00:00:55]} Rc7 {[%clk 00:17:21]} {[%emt
00:00:23]} 43. Bxa3 {[%clk 00:01:23]} {[%emt 00:00:50]} Rxc1+ {[%clk 00:17:45]}
{[%emt 00:00:06]} 44. Bxc1 {[%clk 00:01:49]} {[%emt 00:00:03]} Qc5+ {[%clk
00:18:03]} {[%emt 00:00:10]} 0-1

[Event "DVM U16w 2024"]
[Site "Neumünster GER"]
[Date "2024.12.30"]
[Round "7"]
[White "Weidner, Marit"]
[Black "Eger, Nora"]
[Result "1/2-1/2"]
[Termination "normal"]
[Board "3.4"]
[WhiteElo "1553"]
[BlackElo "1570"]
[WhiteClock "00:45:13"]
[BlackClock "00:10:58"]
[WhiteTeam "USG Chemnitz"]
[BlackTeam "SSV Altenberg"]
[PlyCount "97"]
[WhiteFideId "34651853"]
[BlackFideId "34605827"]
[EventCountry "GER"]
[EventRounds "7"]
[EventType "team-swiss"]
[EventDate "2024.12.26"]

1. e4 {[%clk 01:30:58]} {[%emt 00:00:01]} d6 {[%clk 01:30:55]} {[%emt
00:00:06]} 2. d4 {[%clk 01:31:23]} {[%emt 00:00:04]} Nf6 {[%clk 01:31:21]}
{[%emt 00:00:05]} 3. f3 {[%clk 01:31:28]} {[%emt 00:00:26]} g6 {[%clk
01:30:03]} {[%emt 00:01:47]} 4. Bd3 {[%clk 01:31:25]} {[%emt 00:00:33]} Bg7
{[%clk 01:29:56]} {[%emt 00:00:37]} 5. Be3 {[%clk 01:31:40]} {[%emt 00:00:14]}
c6 {[%clk 01:29:33]} {[%emt 00:00:54]} 6. c4 {[%clk 01:30:44]} {[%emt
00:01:26]} Nbd7 {[%clk 01:28:15]} {[%emt 00:01:48]} 7. Ne2 {[%clk 01:29:58]}
{[%emt 00:01:15]} O-O {[%clk 01:27:51]} {[%emt 00:00:55]} 8. O-O {[%clk
01:30:01]} {[%emt 00:00:26]} c5 {[%clk 01:27:02]} {[%emt 00:01:20]} 9. d5
{[%clk 01:28:23]} {[%emt 00:02:08]} Ne5 {[%clk 01:25:50]} {[%emt 00:01:42]} 10.
Nbc3 {[%clk 01:27:02]} {[%emt 00:01:51]} Nfd7 {[%clk 01:21:48]} {[%emt
00:04:32]} 11. Rc1 {[%clk 01:24:23]} {[%emt 00:03:08]} Nxd3 {[%clk 01:21:20]}
{[%emt 00:00:59]} 12. Qxd3 {[%clk 01:24:16]} {[%emt 00:00:37]} Ne5 {[%clk
01:21:44]} {[%emt 00:00:06]} 13. Qc2 {[%clk 01:22:36]} {[%emt 00:02:10]} Nxc4
{[%clk 01:21:23]} {[%emt 00:00:51]} 14. Bf2 {[%clk 01:22:04]} {[%emt 00:01:01]}
Ne5 {[%clk 01:17:23]} {[%emt 00:04:30]} 15. a4 {[%clk 01:13:12]} {[%emt
00:09:23]} a6 {[%clk 01:12:44]} {[%emt 00:05:09]} 16. b3 {[%clk 01:11:56]}
{[%emt 00:01:45]} Rb8 {[%clk 01:08:07]} {[%emt 00:05:07]} 17. Nf4 {[%clk
01:10:11]} {[%emt 00:02:14]} b5 {[%clk 01:02:36]} {[%emt 00:06:03]} 18. Nd3
{[%clk 01:08:04]} {[%emt 00:02:36]} Nxd3 {[%clk 01:00:59]} {[%emt 00:02:08]}
19. Qxd3 {[%clk 01:08:24]} {[%emt 00:00:09]} b4 {[%clk 00:59:15]} {[%emt
00:02:15]} 20. Ne2 {[%clk 01:07:32]} {[%emt 00:01:21]} a5 {[%clk 00:58:09]}
{[%emt 00:01:36]} 21. Qd2 {[%clk 01:04:42]} {[%emt 00:03:20]} Ba6 {[%clk
00:55:57]} {[%emt 00:02:42]} 22. Rfd1 {[%clk 01:03:59]} {[%emt 00:01:13]} Qd7
{[%clk 00:49:29]} {[%emt 00:06:59]} 23. Bg3 {[%clk 01:00:37]} {[%emt 00:03:51]}
Rfe8 {[%clk 00:44:32]} {[%emt 00:05:26]} 24. Rc2 {[%clk 00:48:53]} {[%emt
00:12:16]} Rbd8 {[%clk 00:41:08]} {[%emt 00:03:54]} 25. Bf4 {[%clk 00:48:48]}
{[%emt 00:00:34]} Qa7 {[%clk 00:37:02]} {[%emt 00:04:36]} 26. Qe3 {[%clk
00:47:16]} {[%emt 00:02:02]} Bxe2 {[%clk 00:34:48]} {[%emt 00:02:45]} 27. Qxe2
{[%clk 00:47:21]} {[%emt 00:00:25]} Qb7 {[%clk 00:28:45]} {[%emt 00:06:33]} 28.
Qd3 {[%clk 00:43:04]} {[%emt 00:04:47]} Qb6 {[%clk 00:25:00]} {[%emt 00:04:15]}
29. Kh1 {[%clk 00:42:40]} {[%emt 00:00:53]} Ra8 {[%clk 00:23:16]} {[%emt
00:02:15]} 30. Qc4 {[%clk 00:39:53]} {[%emt 00:03:16]} Qa6 {[%clk 00:21:39]}
{[%emt 00:02:08]} 31. Qxa6 {[%clk 00:36:49]} {[%emt 00:03:34]} Rxa6 {[%clk
00:22:08]} {[%emt 00:00:01]} 32. Bg3 {[%clk 00:34:46]} {[%emt 00:02:33]} g5
{[%clk 00:11:40]} {[%emt 00:10:57]} 33. h3 {[%clk 00:33:56]} {[%emt 00:01:20]}
Bd4 {[%clk 00:09:59]} {[%emt 00:02:11]} 34. Re1 {[%clk 00:33:03]} {[%emt
00:01:23]} f6 {[%clk 00:09:27]} {[%emt 00:01:03]} 35. f4 {[%clk 00:28:50]}
{[%emt 00:04:43]} gxf4 {[%clk 00:08:31]} {[%emt 00:01:25]} 36. Bxf4 {[%clk
00:29:05]} {[%emt 00:00:13]} Kh8 {[%clk 00:07:14]} {[%emt 00:01:49]} 37. g4
{[%clk 00:27:45]} {[%emt 00:01:50]} Rg8 {[%clk 00:02:42]} {[%emt 00:05:03]} 38.
Rg2 {[%clk 00:25:32]} {[%emt 00:02:43]} Raa8 {[%clk 00:01:31]} {[%emt
00:01:41]} 39. g5 {[%clk 00:24:06]} {[%emt 00:01:56]} Raf8 {[%clk 00:01:14]}
{[%emt 00:00:47]} 40. h4 {[%clk 00:23:44]} {[%emt 00:00:52]} Be5 {[%clk
00:00:53]} {[%emt 00:00:52]} 41. Be3 {[%clk 00:22:44]} {[%emt 00:01:29]} Rf7
{[%clk 00:27:10]} {[%emt 00:04:13]} 42. Reg1 {[%clk 00:51:37]} {[%emt
00:01:36]} Rfg7 {[%clk 00:23:14]} {[%emt 00:04:27]} 43. Bd2 {[%clk 00:50:38]}
{[%emt 00:01:28]} fxg5 {[%clk 00:21:20]} {[%emt 00:02:25]} 44. hxg5 {[%clk
00:48:19]} {[%emt 00:02:47]} Rf8 {[%clk 00:19:42]} {[%emt 00:02:09]} 45. Be3
{[%clk 00:46:01]} {[%emt 00:02:49]} Rf3 {[%clk 00:17:33]} {[%emt 00:02:37]} 46.
Re1 {[%clk 00:44:38]} {[%emt 00:01:54]} Rh3+ {[%clk 00:11:30]} {[%emt
00:06:33]} 47. Kg1 {[%clk 00:45:00]} {[%emt 00:00:08]} Rg3 {[%clk 00:11:25]}
{[%emt 00:00:35]} 48. Ree2 {[%clk 00:44:50]} {[%emt 00:00:40]} Rxg2+ {[%clk
00:10:58]} {[%emt 00:00:57]} 49. Rxg2 {[%clk 00:45:13]} {[%emt 00:00:08]}
1/2-1/2